000 00866nam a22002897a 4500
003 CHAP
005 20220329135619.0
008 971013s1953 r 00010 d
010 _a39314
011 _a40286
035 _a44411
040 _cCHAP
082 _a338.54
_bE88 1953
100 0 0 _aEstey, James Arthur.
_938309
245 _aTratados sobre los ciclos económicos
250 _a2 ed.
260 _aMéxico, D. F. :
_bFondo de Cultura Económica,
_c1953
300 _a534 p.
590 _aBATCH-UPD
_b10
_c20130110
_lUCH01
_h1946
590 _aBATCH-UPD
_b10
_c20130410
_lUCH01
_h1308
590 _aBATCH-UPD
_b10
_c20130914
_lUCH01
_h0933
590 _aCONVERSION
_b10
_c20130109
_lUCH01
_h1322
650 1 4 _aCiclos económicos.
_923078
901 _aBK
942 _cLIBRO
949 _a338.54 E88 1953
_bBC
_cLIBRO
_d33724000419164
_eLIBRO
_h14063
_i44411
_si
999 _c39314
_d39314